[Event "Isla de la Palma Semana Santa op 3rd"]
[Site "Isla de la Palma"]
[Date "2018.03.27"]
[Round "6"]
[White "Rodriguez Bittar, Karim Javier"]
[Black "Fernandez Arce, Aketza"]
[Result "1-0"]
[WhiteElo "1931"]
[BlackElo "1654"]
[PlyCount "41"]
[EventDate "2018.03.24"]
[EventType "swiss"]
[EventRounds "7"]
[EventCountry "ESP"]
[SourceTitle "CBM 183 Extra"]
[Source "ChessBase"]
[SourceDate "2018.04.19"]
[SourceVersion "1"]
[SourceVersionDate "2018.04.19"]
[SourceQuality "1"]

1. c4 Nf6 2. Nc3 g6 3. g3 Bg7 4. Bg2 0-0 5. e4 c5 6. Nge2 Nc6 7. d3 Rb8 8. Be3 d6 9. f4 a6 10. h3 b5 11. e5 Nd7 12. Bxc6 dxe5 13. cxb5 axb5 14. f5 b4 15. Na4 Bb7 16. Bxb7 Rxb7 17. 0-0 Qa8 18. Rc1 Rc8 19. b3 Rbc7 20. Qc2 Nf6 21. Nb6 1-0

[Event "Madrid San Viator op-A 29th"]
[Site "Madrid"]
[Date "2017.11.05"]
[Round "8"]
[White "Rodriguez Bittar, Karim Javier"]
[Black "Rodriguez Valero, Martin Jose"]
[Result "0-1"]
[WhiteElo "1934"]
[BlackElo "1835"]
[PlyCount "68"]
[EventDate "2017.09.17"]
[EventType "swiss"]
[EventRounds "9"]
[EventCountry "ESP"]
[SourceTitle "EXT 2019"]
[Source "ChessBase"]
[SourceDate "2018.10.10"]
[SourceVersion "1"]
[SourceVersionDate "2018.10.10"]
[SourceQuality "1"]

1. Nf3 Nf6 2. g3 g6 3. Bg2 Bg7 4. 0-0 0-0 5. d3 d6 6. c3 Nc6 7. Qc2 Bg4 8. Nbd2 Qc8 9. Re1 e5 10. e4 Bh3 11. Bh1 h6 12. d4 Nh7 13. dxe5 Nxe5 14. Nxe5 Bxe5 15. Nc4 Kg7 16. Nxe5 dxe5 17. Be3 Ng5 18. Rad1 Qg4 19. Bxg5 hxg5 20. Rd5 Qe6 21. Qd2 Qf6 22. c4 Be6 23. Rb5 Rad8 24. Qc3 Rd4 25. Rxb7 Rfd8 26. Qf3 Qe7 27. Bg2 Rd3 28. Qe2 Bxc4 29. Qc2 Qc5 30. b4 Qd4 31. Qe2 Rd1 32. Rxd1 Qxd1+ 33. Qxd1 Rxd1+ 34. Bf1 Bxf1 0-1

[Event "Madrid San Viator op-A 29th"]
[Site "Madrid"]
[Date "2017.09.17"]
[Round "1"]
[White "Jimenez Elices, Jose Maria"]
[Black "Rodriguez Bittar, Karim Javier"]
[Result "0-1"]
[WhiteElo "1766"]
[BlackElo "1934"]
[PlyCount "76"]
[EventDate "2017.09.17"]
[EventType "swiss"]
[EventRounds "9"]
[EventCountry "ESP"]
[SourceTitle "EXT 2019"]
[Source "ChessBase"]
[SourceDate "2018.10.10"]
[SourceVersion "1"]
[SourceVersionDate "2018.10.10"]
[SourceQuality "1"]

1. e4 e5 2. Nf3 Nc6 3. Bb5 f5 4. d3 fxe4 5. dxe4 Nf6 6. 0-0 Bc5 7. Bg5 d6 8. Nc3 a6 9. Bc4 Bg4 10. Qd3 h6 11. Be3 Bxf3 12. gxf3 Nd4 13. Bxd4 Bxd4 14. Ne2 Nh5 15. f4 Qh4 16. Qf3 0-0-0 17. Be6+ Kb8 18. Bf5 Bb6 19. Rad1 g5 20. Kh1 g4 21. Qg2 Nxf4 22. Nxf4 exf4 23. f3 h5 24. c3 Be3 25. Rd3 Qg5 26. Rxe3 fxe3 27. f4 Qh4 28. Rg1 c6 29. Qg3 Qxg3 30. Rxg3 d5 31. e5 e2 32. Re3 d4 33. cxd4 Rxd4 34. Rxe2 Rxf4 35. e6 Re8 36. e7 Kc7 37. Kg2 b5 38. a3 c5 0-1

[Event "Almansa op-B 12th"]
[Site "Almansa"]
[Date "2017.08.02"]
[Round "3"]
[White "Perez Garcia, Francisco Jose"]
[Black "Rodriguez Bittar, Karim Javier"]
[Result "0-1"]
[WhiteElo "1781"]
[BlackElo "1948"]
[PlyCount "42"]
[EventDate "2017.08.01"]
[EventType "swiss"]
[EventRounds "9"]
[EventCountry "ESP"]
[SourceTitle "EXT 2019"]
[Source "ChessBase"]
[SourceDate "2018.10.10"]
[SourceVersion "1"]
[SourceVersionDate "2018.10.10"]
[SourceQuality "1"]

1. c4 e5 2. Nc3 Nf6 3. Qc2 Bc5 4. e3 Nc6 5. a3 a5 6. Nf3 d6 7. Be2 Qe7 8. Nd5 Qd8 9. d3 Nxd5 10. cxd5 Ne7 11. e4 0-0 12. Bg5 f6 13. Bh4 c6 14. dxc6 bxc6 15. Qc4+ Kh8 16. d4 Ba6 17. Qc3 exd4 18. Nxd4 Bxd4 19. Qxd4 Bxe2 20. Kxe2 Re8 21. Rhe1 Nf5 0-1

[Event "Madrid San Viator op-A 27th"]
[Site "Madrid"]
[Date "2016.11.06"]
[Round "7"]
[White "Rodriguez Bittar, Karim Javier"]
[Black "Cabanas Bravo, Juan Andres"]
[Result "1/2-1/2"]
[WhiteElo "1936"]
[BlackElo "2007"]
[PlyCount "43"]
[EventDate "2016.09.25"]
[EventType "swiss"]
[EventRounds "9"]
[EventCountry "ESP"]
[SourceTitle "EXT 2019"]
[Source "ChessBase"]
[SourceDate "2018.10.10"]
[SourceVersion "1"]
[SourceVersionDate "2018.10.10"]
[SourceQuality "1"]

1. d4 Nf6 2. Nf3 d5 3. e3 g6 4. Bd3 Bg7 5. 0-0 0-0 6. Nbd2 Nbd7 7. b3 e5 8. dxe5 Ng4 9. Rb1 Ndxe5 10. Nxe5 Nxe5 11. Be2 Bf5 12. Nf3 c6 13. Nxe5 Bxe5 14. Bd3 Be6 15. Bb2 Bc7 16. g3 Qg5 17. Re1 Bg4 18. Be2 h5 19. Qd4 f6 20. h4 Qf5 21. Qd3 Qxd3 22. Bxd3 1/2-1/2

[Event "Madrid San Viator op-A 27th"]
[Site "Madrid"]
[Date "2016.10.16"]
[Round "5"]
[White "Rodriguez Bittar, Karim Javier"]
[Black "Guillo Longares, Cecilia"]
[Result "1-0"]
[WhiteElo "1936"]
[BlackElo "1705"]
[PlyCount "115"]
[EventDate "2016.09.25"]
[EventType "swiss"]
[EventRounds "9"]
[EventCountry "ESP"]
[SourceTitle "EXT 2017"]
[Source "ChessBase"]
[SourceDate "2016.10.25"]
[SourceVersion "1"]
[SourceVersionDate "2016.10.25"]
[SourceQuality "1"]

1. e4 c5 2. Nc3 g6 3. g3 Bg7 4. Bg2 Nc6 5. d3 d6 6. Be3 Nf6 7. h3 Rb8 8. f4 Bd7 9. Nge2 b5 10. Qd2 b4 11. Nd1 a5 12. f5 Qc8 13. Bh6 Bxh6 14. Qxh6 gxf5 15. 0-0 Ne5 16. exf5 Bxf5 17. Ne3 Be6 18. g4 Rg8 19. Rxf6 exf6 20. Qxh7 Ke7 21. Nf4 Ng6 22. Ned5+ Bxd5 23. Nxd5+ Kf8 24. Qh6+ Rg7 25. Nxf6 Qe6 26. Nh5 Qe5 27. Nxg7 Qxg7 28. Qxg7+ Kxg7 29. Re1 Rh8 30. Kf2 Kf6 31. Kg3 Kg5 32. Rf1 Ne5 33. Rf5+ Kg6 34. Be4 Kg7 35. g5 Rh5 36. h4 Kf8 37. Bf3 Rh7 38. Be2 Ke7 39. h5 Nc6 40. c3 Ke6 41. Kf4 Ke7 42. Rf6 Nd8 43. Bg4 Nc6 44. h6 Ne5 45. Bf5 Rh8 46. Be4 Nd7 47. Rf5 Nf8 48. Bd5 Ng6+ 49. Kg4 Rh7 50. d4 Nf8 51. Rf1 cxd4 52. cxd4 Ne6 53. Re1 Kd7 54. Bxe6+ fxe6 55. Kh5 Rf7 56. Kg6 Ke7 57. h7 Rf8 58. Rh1 1-0

[Event "Madrid San Viator op 25th"]
[Site "Madrid"]
[Date "2015.10.25"]
[Round "5"]
[White "Rodriguez Bittar, Karim Javier"]
[Black "Lozano Osorio, Isaac"]
[Result "1/2-1/2"]
[WhiteElo "1835"]
[BlackElo "1947"]
[PlyCount "90"]
[EventDate "2015.10.04"]
[EventType "swiss"]
[EventRounds "9"]
[EventCountry "ESP"]
[SourceTitle "CBM 169 Extra"]
[Source "ChessBase"]
[SourceDate "2015.12.18"]
[SourceVersion "1"]
[SourceVersionDate "2015.12.18"]
[SourceQuality "1"]

1. e4 c6 2. d3 d5 3. Nd2 e5 4. g3 Nf6 5. Bg2 Bc5 6. Qe2 Ng4 7. Nh3 0-0 8. Nb3 Bb6 9. f3 Nf6 10. Be3 a5 11. Qf2 d4 12. Bg5 Nbd7 13. a4 h6 14. Bxf6 Nxf6 15. Qe2 Be6 16. Nd2 Qe7 17. 0-0 g5 18. Nf2 Qd7 19. Nh1 h5 20. Nf2 Bc7 21. h3 g4 22. fxg4 hxg4 23. hxg4 Bxg4 24. Nxg4 Qxg4 25. Qxg4+ Nxg4 26. Nc4 b5 27. Bh3 bxc4 28. Bxg4 Rab8 29. Rab1 Rb4 30. Rfc1 cxd3 31. cxd3 Bd8 32. Rxc6 Rxa4 33. Kg2 Rb4 34. Rc2 Kg7 35. Rf1 Rb3 36. Be2 Bf6 37. Ra1 Ra8 38. Ra4 Rb5 39. Kf2 Rab8 40. Ra2 Bg5 41. Kg2 Bd8 42. Kf2 Bg5 43. Kf3 R8b6 44. Ra1 Bd8 45. Rac1 Rb8 1/2-1/2

[Event "Madrid San Viator op 25th"]
[Site "Madrid"]
[Date "2015.10.04"]
[Round "1"]
[White "Cabanas Bravo, Juan Andres"]
[Black "Rodriguez Bittar, Karim Javier"]
[Result "1-0"]
[WhiteElo "2042"]
[BlackElo "1835"]
[PlyCount "69"]
[EventDate "2015.10.04"]
[EventType "swiss"]
[EventRounds "9"]
[EventCountry "ESP"]
[SourceTitle "CBM 169 Extra"]
[Source "ChessBase"]
[SourceDate "2015.12.18"]
[SourceVersion "1"]
[SourceVersionDate "2015.12.18"]
[SourceQuality "1"]

1. e4 d5 2. exd5 Qxd5 3. Nc3 Qd8 4. d4 Nf6 5. Bc4 e6 6. Bg5 Be7 7. Qd2 Nbd7 8. Nf3 c6 9. 0-0 0-0 10. Rad1 h6 11. Bh4 Nb6 12. Bb3 Nbd5 13. Ne2 Ne4 14. Qd3 Ng5 15. Nd2 b6 16. c4 Nb4 17. Qg3 Nh7 18. Bxe7 Qxe7 19. a3 Na6 20. Rfe1 Bb7 21. Nc3 Qc7 22. Qh3 c5 23. d5 Ng5 24. Qh5 Qf4 25. Re3 Nc7 26. Rg3 exd5 27. cxd5 Rae8 28. Nf1 g6 29. Qg4 Qxg4 30. Rxg4 Kg7 31. h4 f5 32. Ra4 Nf7 33. d6 Ne6 34. Rxa7 Bc6 35. d7 1-0

[Event "Madrid San Viator op 23rd"]
[Site "Madrid"]
[Date "2014.11.02"]
[Round "6"]
[White "Rodriguez Bittar, Karim Javier"]
[Black "Perdomo Araujo, Angel Eduardo"]
[Result "0-1"]
[WhiteElo "1786"]
[BlackElo "2055"]
[PlyCount "78"]
[EventDate "2014.09.28"]
[EventType "swiss"]
[EventRounds "9"]
[EventCountry "ESP"]
[SourceTitle "EXT 2016"]
[Source "ChessBase"]
[SourceDate "2015.10.08"]
[SourceVersion "1"]
[SourceVersionDate "2015.10.08"]
[SourceQuality "1"]

1. e4 e6 2. d3 d5 3. Nd2 Nf6 4. Ngf3 Bb4 5. c3 Be7 6. Be2 0-0 7. 0-0 c5 8. e5 Nfd7 9. d4 Nc6 10. Re1 f6 11. exf6 Nxf6 12. Nf1 Bd6 13. Bd3 h6 14. dxc5 Bxc5 15. Be3 Bd6 16. Qc2 Ng4 17. Qe2 e5 18. Bc2 e4 19. Nd4 Nxd4 20. Bxd4 Qh4 21. g3 Qh3 22. Bb3 Be6 23. c4 Be5 24. Bc5 d4 25. Bxf8 Rxf8 26. Qxe4 Rxf2 27. Re2 Rxe2 28. Qxe2 Bf5 29. c5+ Kh8 30. Qc4 Kh7 31. Qg8+ Kg6 32. Qf7+ Kg5 33. Re1 Nxh2 34. Rxe5 Qxf1+ 35. Kxh2 Qh3+ 36. Kg1 Qxg3+ 37. Kf1 Qxe5 38. Qxb7 Bh3+ 39. Kf2 Qe3# 0-1

[Event "Madrid San Viator op 22nd"]
[Site "Madrid"]
[Date "2014.05.25"]
[Round "8"]
[White "Rodriguez Bittar, Karim Javier"]
[Black "Rodriguez Lucena, Angel"]
[Result "1-0"]
[WhiteElo "1787"]
[BlackElo "1706"]
[PlyCount "79"]
[EventDate "2014.03.23"]
[EventType "swiss"]
[EventRounds "9"]
[EventCountry "ESP"]
[SourceTitle "EXT 2015"]
[Source "ChessBase"]
[SourceDate "2014.11.20"]
[SourceVersion "1"]
[SourceVersionDate "2014.11.20"]
[SourceQuality "1"]

1. e4 c5 2. Nc3 Nc6 3. g3 g6 4. Bg2 Bg7 5. Nge2 e6 6. d3 Nge7 7. Be3 d6 8. Qd2 Nd4 9. 0-0-0 Bd7 10. Bh6 Bf6 11. f4 Qb6 12. Bg5 Nxe2+ 13. Qxe2 Bxc3 14. bxc3 Qa5 15. Bf6 Rg8 16. Bxe7 Kxe7 17. Kd2 Bc6 18. f5 e5 19. fxg6 fxg6 20. Qe3 Qd8 21. Bh3 Kf7 22. Qh6 Rg7 23. Be6+ Kxe6 24. Qxg7 Qg5+ 25. Ke2 Qg4+ 26. Ke1 Qf3 27. Kd2 Rf8 28. Kc1 Qe3+ 29. Kb1 Rf2 30. Qg8+ Kd7 31. Qxh7+ Kc8 32. Qg8+ Kc7 33. Qg7+ Kb6 34. Qe7 Qe2 35. Rc1 Qd2 36. Qe6 Ba4 37. Qxd6+ Kb5 38. c4+ Kb4 39. a3+ Kc3 40. Qxe5# 1-0

[Event "Madrid San Viator op 22nd"]
[Site "Madrid"]
[Date "2014.04.06"]
[Round "3"]
[White "Ojosnegros Martin, Angel"]
[Black "Rodriguez Bittar, Karim Javier"]
[Result "0-1"]
[WhiteElo "1514"]
[BlackElo "1787"]
[PlyCount "126"]
[EventDate "2014.03.23"]
[EventType "swiss"]
[EventRounds "9"]
[EventCountry "ESP"]
[SourceTitle "EXT 2015"]
[Source "ChessBase"]
[SourceDate "2014.11.20"]
[SourceVersion "1"]
[SourceVersionDate "2014.11.20"]
[SourceQuality "1"]

1. e4 e5 2. Nf3 Nc6 3. Bc4 Bc5 4. c3 Nf6 5. d4 exd4 6. cxd4 Bb4+ 7. Bd2 Bxd2+ 8. Nbxd2 d6 9. 0-0 0-0 10. Re1 Bg4 11. h3 Bh5 12. Qb3 Na5 13. Qc3 Nxc4 14. Qxc4 d5 15. exd5 Nxd5 16. Qb3 Nb6 17. Re5 Bxf3 18. Nxf3 Qd7 19. Rd1 c6 20. Rde1 Nd5 21. R5e4 Rab8 22. Ne5 Qd6 23. a3 g6 24. Qg3 f6 25. Nd3 Qxg3 26. fxg3 Kf7 27. Nf4 Nxf4 28. gxf4 Rfe8 29. Kf2 Rxe4 30. Rxe4 Rd8 31. Ke3 Rd5 32. Kd3 Rb5 33. b4 a5 34. Kc4 Rd5 35. g4 f5 36. Re5 axb4 37. axb4 fxg4 38. hxg4 b5+ 39. Kd3 h5 40. gxh5 gxh5 41. Re1 Kf6 42. Ke4 Rd8 43. Rc1 Re8+ 44. Kf3 Re6 45. Rc5 Rd6 46. Rxh5 Rxd4 47. Rh6+ Kf5 48. Rh5+ Ke6 49. Rh6+ Kd5 50. f5 Rxb4 51. f6 Ra4 52. f7 Ra8 53. Rf6 Rf8 54. Kf4 b4 55. Kg5 b3 56. Rf1 b2 57. Kg6 c5 58. Kg7 Rxf7+ 59. Kxf7 c4 60. Rd1+ Ke4 61. Rb1 c3 62. Kg8 Kd3 63. Kf7 Kc2 0-1